000
00216nam a22000857a 4500
008
161129b xxu||||| |||| 00| 0 eng d
100
_9
1557
_a
Bhat,R.L
245
_a
Social Science-VII
260
_a
New Delhi
_b
Holy faith
_c
2007
999
_c
4287
_d
4287